Introduction to bar and beverages (Record no. 1153)

MARC details
000 -LEADER
fixed length control field 00468nam a2200169Ia 4500
008 - FIXED-LENGTH DATA ELEMENTS--GENERAL INFORMATION
fixed length control field 230917s9999||||xx |||||||||||||| ||und||
020 ## - ISBN
Price RS 625.00
040 ## - CATALOGING SOURCE
-- 5007949
Original cataloging agency VIVEKANANDA LIBRARY
041 ## - Language
-- English
082 ## - DDC NUMBER
Classification number 641.874 N312I
100 ## - MAIN ENTRY--PERSONAL NAME
Personal name Negi, Mahendra Singh
245 #0 - TITLE STATEMENT
Title Introduction to bar and beverages
260 ## - PUBLICATION, DISTRIBUTION, ETC. (IMPRINT)
Place of publication, distribution, etc New Delhi
Name of publisher, distributor, etc I K International
Date of publication, distribution, etc 2019
300 ## - PHYSICAL DESCRIPTION
Pages xvii, 398 p.
500 ## - GENERAL NOTE
General note 3926 01/01/2020 HBD20/8150 11/01/2020 Main Budget
942 ## - ADDED ENTRY ELEMENTS (KOHA)
Koha item type Books
Holdings
Withdrawn status Lost status Damaged status Not for loan Location (home branch) Sublocation or collection (holding branch) Shelving location Date acquired Koha issues (times borrowed) Koha full call number Accession No. Koha date last seen Koha item type
        VIVEKANANDA LIBRARY VIVEKANANDA LIBRARY IHTM Library 23/01/2020   641.874 N312I 391760 17/09/2023 Books
© Designed and Maintained by Vivekananda Library, MDU Rohtak